000 00720nam a22001937a 4500
999 _c370068
_d370068
008 201130b ||||| |||| 00| 0 eng d
040 _bger
_cDE-2950
_erda
_aDE-2950
041 _ager
245 _aPlakate von Grünen und AfD zerstört.
_bSachbeschädigung: Kaum hängen die ersten Plakate zur Bundestagswahl, werden sie auch schon heruntergerissen.
264 _c2021
653 _aFrankfurt (Oder)
653 _aBundestagswahl
653 _aSachbeschädigung
773 _dFrankfurt (Oder): Märkisches Verlags- und Druckhaus GmbH & Co KG
_g32. Jahrgang (2021) Nr. 175 vom 30.07.2021, S. 13: Foto
_tMärkische Oderzeitung
942 _cA